000 00789nam a2200229 i 4500
001 189867
003 ES-MaACL
005 20250902221520.0
008 191213s1967 sp |||| | spa d
100 1 _aMeier-Menzel, Hans Jürgen.
_979829
245 1 0 _aDivisiones interiores de madera /
_c[colaboradores, H.J. Meier-Menzel, T. Gatz, K. Halmburger ; traducido por Ursula Fischer].
260 _aBarcelona :
_bBlume,
_c[1967]
300 _a119 p. :
_bil. ;
_c26 cm.
490 1 _aColección "Detalles" ;
_v8
650 7 _aEstructuras de madera
_2embne
_9169094
700 1 _aGatz, T.
_9169091
700 1 _aHalmburger, K.
_9169092
700 1 _aFischer, Ursule.
_9169093
830 0 _aColección "Detalles" ;
_v8
_9193448
852 _aES-MaACL
_jP-1186-6
999 _c189867
_d189867